000
00330 a2200157 4500
001
72740
020
_a
8532205879
040
_c
Anchieta - Colégio São Paulo
100
_a
Alencar, José de
240
1
0
_a
Senhora
_l
por
245
1
0
_a
Senhora
300
_a
262
362
0
_a
1999
650
4
_a
Ficção brasileira
942
_c
BK
999
_c
72740
_d
72740